ARRUPE JESUIT UNIVERSITY

CORONAVIRUS -STOP THE SPREAD - CLEAN,DISINFECT,COVER

The naked now : (Record no. 128715)

MARC details
000 -LEADER
fixed length control field 03291cam a2200277 a 4500
001 - CONTROL NUMBER
control field 15838697
003 - CONTROL NUMBER IDENTIFIER
control field ARRUPE
005 - DATE AND TIME OF LATEST TRANSACTION
control field 20181205100021.0
008 - FIXED-LENGTH DATA ELEMENTS--GENERAL INFORMATION
fixed length control field 090728s2009 nyu b 000 0 eng
010 ## - LIBRARY OF CONGRESS CONTROL NUMBER
LC control number 2009030838
020 ## - INTERNATIONAL STANDARD BOOK NUMBER
International Standard Book Number 9780824525439 (alk. paper)
020 ## - INTERNATIONAL STANDARD BOOK NUMBER
International Standard Book Number 0824525434 (alk. paper)
040 ## - CATALOGING SOURCE
Original cataloging agency DLC
Transcribing agency DLC
Modifying agency DLC
050 00 - LIBRARY OF CONGRESS CALL NUMBER
Classification number BV5082.3
Item number .R64 2009
082 00 - DEWEY DECIMAL CLASSIFICATION NUMBER
Classification number 248.2/2
Edition number 22
300 ## - PHYSICAL DESCRIPTION
Dimensions 21 cm.
100 1# - MAIN ENTRY--PERSONAL NAME
Personal name Rohr, Richard.
9 (RLIN) 43787
245 14 - TITLE STATEMENT
Title The naked now :
Remainder of title learning to see as the mystics see /
Statement of responsibility, etc Richard Rohr.
260 ## - PUBLICATION, DISTRIBUTION, ETC. (IMPRINT)
Place of publication, distribution, etc New York :
Name of publisher, distributor, etc Crossroad Pub. Co.,
Date of publication, distribution, etc 2009.
300 ## - PHYSICAL DESCRIPTION
Extent 187 p. ;
504 ## - BIBLIOGRAPHY, ETC. NOTE
Bibliography, etc Includes bibliographical references.
505 0# - FORMATTED CONTENTS NOTE
Formatted contents note Why I am writing this book -- The gift is already given -- When you surrender to fear and distraction -- When you joyfully surrender to God -- Discover your birthright -- Prayer-practicing heaven now -- The great unsaying -- Three ways to view the sunset -- The urgent need for contemplative seeing -- What it means to be a mystic -- We should have known better -- Knowing worse: all-or-nothing thinking -- Knowing better: contemplation and presence -- Mystical Christianity: a critique from within -- A lesson from the monks -- The limitations of individualism -- A debate everyone can win -- Glimpses of wonder: the quest is begun -- But we have to make judgments, don't we? -- We see what we are ready to see -- The radical perceptual shift: is it true? -- Yes, but -- Not many things, but one thing -- Getting thrown off your horse: sudden conversion -- Gradual conversion -- How Martha becomes Mary: willfulness and willingness -- What about Jesus? -- The prayer of Jesus -- Not here, not there -- The two heels of a Christian achilles -- Conversion: begin by changing the seer -- Healing the observer -- Three levels of conversion -- Change your mind -- The ego hates change -- Different religions, same ego resistance -- Inertia resists change -- Heaven and hell: you must change again and again -- Things too good to be true: from polarity thinking to prayer -- Reframing false dilemmas -- Alternative consciousness -- Prayer is resonance -- Experience impossible and improbable things -- The lost tradition -- The decline of contemplation -- More recent rediscoveries -- Faith is more how to believe than what to believe -- Opening the door: great love and great suffering -- What nondual thinking is not -- The watchful gaze: what do we mean by being awake? -- The meaning of spiritual love -- Sinners, mystics, and astrophysicists: how to celebrate paradox -- The value of paradox -- Greek logic -- Trinity -- Physics and astrophysics -- What it means to follow Jesus -- What every good leader knows -- The principle of likeness: in the end, it all comes down to this.
650 #0 - SUBJECT ADDED ENTRY--TOPICAL TERM
Topical term or geographic name as entry element Mysticism.
9 (RLIN) 43788
650 #0 - SUBJECT ADDED ENTRY--TOPICAL TERM
Topical term or geographic name as entry element Spiritual life
General subdivision Christianity.
9 (RLIN) 43789
906 ## - LOCAL DATA ELEMENT F, LDF (RLIN)
a 7
b cbc
c orignew
d 1
e ecip
f 20
g y-gencatlg
942 ## - ADDED ENTRY ELEMENTS (KOHA)
Source of classification or shelving scheme Library of Congress Classification
Koha item type Monograph ( Printed materials)
Holdings
Withdrawn status Lost status Source of classification or shelving scheme Damaged status Not for loan Collection code Home library Current library Shelving location Date acquired Total Checkouts Full call number Barcode Date last seen Date checked out Price effective from Koha item type
    Library of Congress Classification     Main Collection ARRUPE LIBRARY ARRUPE LIBRARY Main Collection 05/12/2018 1 BV5082.3 .R64 2009 46600002737 16/09/2022 29/06/2022 05/12/2018 Monograph ( Printed materials)

 

Arrupe Library. PO Box MP320 Mt Pleasant, Harare, Zimbabwe
263 242 745411|librarian@aju.ac.zw